[Event "Bratislava exe op 2nd"]
[Site "Bratislava"]
[Date "2024.09.17"]
[Round "4"]
[White "Lee, Chanhee"]
[Black "Mrkvik, Jan"]
[Result "0-1"]
[WhiteElo "1565"]
[BlackElo "1835"]
[PlyCount "106"]
[EventDate "2024.09.14"]
[EventType "swiss"]
[EventRounds "9"]
[EventCountry "SVK"]
[SourceTitle "EXT 2025"]
[Source "ChessBase"]
[SourceDate "2024.10.14"]
[SourceVersion "1"]
[SourceVersionDate "2024.10.14"]
[SourceQuality "1"]

1. d4 d5 2. c4 c6 3. Nf3 Nf6 4. Nc3 e6 5. e3 Nbd7 6. Bd3 dxc4 7. Bxc4 b5 8. Bd3 Bb7 9. e4 b4 10. Na4 Be7 11. 0-0 0-0 12. Qe2 Re8 13. Bg5 Rc8 14. Rfd1 Qa5 15. b3 e5 16. Bd2 exd4 17. Nxd4 c5 18. Nf5 Bf8 19. f3 Ne5 20. Bb5 Red8 21. Nb2 a6 22. Bc4 Nc6 23. Bg5 Nd4 24. Nxd4 cxd4 25. Bxf6 gxf6 26. Nd3 Bd6 27. Nf2 h5 28. Nd3 Kh7 29. Bxf7 Rc7 30. Bc4 Rg7 31. Be6 Re8 32. Bf5+ Qxf5 33. Qf2 Qg5 34. Re1 Reg8 35. Re2 Qb5 36. Rd1 Bc7 37. Qh4 Qg5 38. Qf2 a5 39. Qxd4 Rd8 40. Qb2 Ba6 41. Red2 Bb6+ 42. Kh1 Bd4 43. Qb1 Bc3 44. Rf2 Rgd7 45. f4 Qb5 46. Nb2 Rxd1+ 47. Nxd1 Qd3 48. Qxd3 Rxd3 49. Rf1 Rd4 50. Rg1 Rxe4 51. Nxc3 bxc3 52. Rc1 Rxf4 53. Kg1 Rf1+ 0-1

[Event "Bratislava exe op 2nd"]
[Site "Bratislava"]
[Date "2024.09.16"]
[Round "3"]
[White "Mrkvik, Jan"]
[Black "Dranka, Jowita"]
[Result "0-1"]
[WhiteElo "1835"]
[BlackElo "1787"]
[PlyCount "52"]
[EventDate "2024.09.14"]
[EventType "swiss"]
[EventRounds "9"]
[EventCountry "SVK"]
[SourceTitle "EXT 2025"]
[Source "ChessBase"]
[SourceDate "2024.10.14"]
[SourceVersion "1"]
[SourceVersionDate "2024.10.14"]
[SourceQuality "1"]

1. d4 d5 2. c4 e6 3. Nc3 Nf6 4. cxd5 exd5 5. Bg5 Be7 6. Qc2 c6 7. e3 0-0 8. Bd3 h6 9. Bh4 Nbd7 10. Nge2 Re8 11. 0-0 Nh5 12. Bxe7 Qxe7 13. Rae1 Ndf6 14. h3 g6 15. Qb1 Ng7 16. Ng3 Ngh5 17. Nxh5 Nxh5 18. e4 Qg5 19. Re3 f5 20. e5 Qh4 21. Ne2 Nf4 22. Nxf4 Qxf4 23. Rg3 Kh7 24. Rd1 Qxd4 25. Bxf5 Bxf5 26. Qc1 Qxe5 0-1

[Event "Piestany Slovakia op-B"]
[Site "Piestany"]
[Date "2023.07.18"]
[Round "8"]
[White "Visvader, Kristof"]
[Black "Mrkvik, Jan"]
[Result "1/2-1/2"]
[WhiteElo "1576"]
[BlackElo "1791"]
[PlyCount "101"]
[EventDate "2023.07.11"]
[EventType "swiss"]
[EventRounds "9"]
[EventCountry "SVK"]
[SourceTitle "EXT 2024"]
[Source "ChessBase"]
[SourceDate "2023.10.10"]
[SourceVersion "1"]
[SourceVersionDate "2023.10.10"]
[SourceQuality "1"]

1. e4 c6 2. d4 d5 3. exd5 cxd5 4. Nc3 Nf6 5. Nf3 Nc6 6. Bd3 a6 7. 0-0 Nb4 8. Re1 Nxd3 9. Qxd3 g6 10. Bg5 Bg7 11. Qe3 Bf5 12. h3 h6 13. Bf4 Ne4 14. g4 Nxc3 15. gxf5 Ne4 16. fxg6 fxg6 17. c4 Qd7 18. cxd5 Ng5 19. Nxg5 hxg5 20. Bxg5 0-0-0 21. h4 Qg4+ 22. Kf1 Bxd4 23. Rac1+ Kb8 24. Qg3+ Qxg3 25. fxg3 Rxd5 26. Bf4+ e5 27. Be3 Bxb2 28. Rc2 Rf8+ 29. Kg2 Ba3 30. Rf1 Rxf1 31. Kxf1 b5 32. Rc6 Rd6 33. Rxd6 Bxd6 34. Ke2 Kc7 35. g4 Kd7 36. Kd3 Ke6 37. Ke4 a5 38. h5 gxh5 39. gxh5 b4 40. h6 Kf6 41. Kd5 Bf8 42. h7 Bg7 43. Kc4 Kg6 44. Kb5 Kxh7 45. Bc5 e4 46. Kxa5 Kg6 47. Kxb4 Kf7 48. a4 Ke6 49. Kc4 Kd7 50. Kd5 Kc7 51. Kxe4 1/2-1/2

[Event "Liptovsky Jan Slovak op U2200"]
[Site "Liptovsky Jan"]
[Date "2021.06.18"]
[Round "3"]
[White "Szaszak, Robert"]
[Black "Mrkvik, Jan"]
[Result "1/2-1/2"]
[WhiteElo "1644"]
[BlackElo "1909"]
[PlyCount "139"]
[EventDate "2021.06.17"]
[EventType "swiss"]
[EventRounds "7"]
[EventCountry "SVK"]
[SourceTitle "CBM 203 Extra"]
[Source "ChessBase"]
[SourceDate "2021.09.30"]
[SourceVersion "1"]
[SourceVersionDate "2021.09.30"]
[SourceQuality "1"]

1. e4 c6 2. d4 d5 3. exd5 cxd5 4. Nf3 Nf6 5. Bd3 Nc6 6. c3 Qc7 7. h3 e6 8. Qc2 Bd6 9. Bg5 Nh5 10. Nbd2 Bf4 11. Bxf4 Nxf4 12. g3 Nxd3+ 13. Qxd3 Bd7 14. Nb3 b6 15. Qe3 f6 16. Qe2 0-0 17. c4 Nb4 18. c5 Rae8 19. 0-0 e5 20. dxe5 Bxh3 21. Rfc1 fxe5 22. Ng5 Bf5 23. Qd2 Nd3 24. Rc3 Qd8 25. Nf3 bxc5 26. Nxc5 Nxc5 27. Rxc5 Be4 28. Ng5 Qf6 29. Nxe4 dxe4 30. Qe3 Rd8 31. Rf1 Rd3 32. Qe2 Rf3 33. Rc3 Qg6 34. Re3 Qb6 35. Qc4+ Kh8 36. Qxe4 Rxe3 37. Qxe3 Qxb2 38. Qxa7 h5 39. a4 h4 40. Qe7 Rf6 41. Qd8+ Kh7 42. gxh4 Qe2 43. Qd1 Rg6+ 44. Kh2 Qe4 45. Qh5+ Rh6 46. Qg5 Rxh4+ 47. Kg3 Rh6 48. f3 Qxa4 49. Qf5+ Rg6+ 50. Kf2 Qd4+ 51. Ke2 Qb2+ 52. Kd1 Qd4+ 53. Ke2 Qc4+ 54. Ke1 Qb4+ 55. Ke2 Qb5+ 56. Ke1 Qa5+ 57. Ke2 Qa6+ 58. Ke1 Qe6 59. Rh1+ Kg8 60. Qxe6+ Rxe6 61. Ke2 Kf7 62. Ke3 Rh6 63. Ra1 Kf6 64. Ra6+ Kf5 65. Ra8 Rf6 66. Ra5 g5 67. Rb5 Ra6 68. Rb3 Ra4 69. Rc3 Ra1 70. Rb3 1/2-1/2

[Event "SVK-ch Amateur"]
[Site "Topolcany"]
[Date "2020.07.11"]
[Round "3"]
[White "Kapusta, Petr"]
[Black "Mrkvik, Jan"]
[Result "1-0"]
[WhiteElo "2120"]
[BlackElo "1942"]
[PlyCount "59"]
[EventDate "2020.07.10"]
[EventType "swiss"]
[EventRounds "7"]
[EventCountry "SVK"]
[SourceTitle "EXT 2021"]
[Source "ChessBase"]
[SourceDate "2020.10.23"]
[SourceVersion "1"]
[SourceVersionDate "2020.10.23"]
[SourceQuality "1"]

1. e4 d5 2. exd5 Qxd5 3. Nc3 Qa5 4. d4 Nf6 5. Nf3 Bf5 6. Bc4 e6 7. Bd2 c6 8. Qe2 h6 9. 0-0-0 Qc7 10. Rhe1 Be7 11. Nh4 Bh7 12. g3 0-0 13. f4 Bd6 14. Nf3 b5 15. Bd3 Bxd3 16. Qxd3 a5 17. Ne5 Nbd7 18. g4 Bxe5 19. fxe5 Nh7 20. h4 Rfb8 21. g5 hxg5 22. hxg5 Qd8 23. Ne4 g6 24. Rh1 Qf8 25. Nf6+ Ndxf6 26. gxf6 Nxf6 27. exf6 Qd8 28. Rdf1 Qd5 29. Qh3 Qh5 30. Qxh5 1-0

[Event "Bratislava Doprastav op"]
[Site "Bratislava"]
[Date "2019.04.21"]
[Round "6"]
[White "Karas, Marek"]
[Black "Mrkvik, Jan"]
[Result "1-0"]
[WhiteElo "2246"]
[BlackElo "1895"]
[PlyCount "37"]
[EventDate "2019.04.18"]
[EventType "swiss"]
[EventRounds "7"]
[EventCountry "SVK"]
[SourceTitle "CBM 189 Extra"]
[Source "ChessBase"]
[SourceDate "2019.05.31"]
[SourceVersion "1"]
[SourceVersionDate "2019.05.31"]
[SourceQuality "1"]

1. Nf3 d5 2. d4 c6 3. c4 Nf6 4. Nc3 e6 5. e3 Nbd7 6. Qc2 Bd6 7. g4 Nxg4 8. Rg1 Nxh2 9. Nxh2 Bxh2 10. Rxg7 Qh4 11. b3 Nf6 12. Ba3 Rg8 13. Rxg8+ Nxg8 14. Bd3 h5 15. 0-0-0 dxc4 16. Bxc4 Bc7 17. Qh7 Qg5 18. Ne4 Nf6 19. Qh8+ 1-0